| 000 | 00395nam a2200157Ia 4500 | ||
|---|---|---|---|
| 008 | 221030s9999 xx 000 0 und d | ||
| 020 | _a019808353X | ||
| 041 | _aEnglish | ||
| 100 | _aS. Chandra | ||
| 245 | 0 |
_aRailway Engineering _cby S. Chandra, M. M. Agarwal |
|
| 260 |
_bOxford Univ. Press _aNew Delhi _c2017 |
||
| 300 | _a651 | ||
| 650 | _aCivil | ||
| 700 | _aM. M. Agarwal | ||
| 942 | _cBK | ||
| 999 |
_c18492 _d18492 |
||